[Event "OP-2022-0-05340"]
[Site "LSS email"]
[Date "2022.10.08"]
[Round "?"]
[White "Farr, Dorota"]
[Black "Huntley, Theron"]
[Result "1-0"]
[WhiteElo "1561"]
[BlackElo "1840"]
[PlyCount "39"]
[EventDate "2022.10.07"]
[EventType "tourn (corr)"]
[EventRounds "4"]
[EventCountry "GER"]
[SourceTitle "Corr 2024"]
[Source "ChessBase"]
[SourceDate "2023.10.19"]
[SourceVersion "1"]
[SourceVersionDate "2023.10.19"]
[SourceQuality "1"]

1. d4 Nf6 2. f3 d5 3. e4 dxe4 4. Nc3 exf3 5. Nxf3 Bg4 6. h3 Bh5 7. g4 Bg6 8. Ne5 Nbd7 9. Qe2 Nxe5 10. dxe5 Nd7 11. e6 fxe6 12. Be3 e5 13. h4 h5 14. 0-0-0 e6 15. Qc4 Bf7 16. g5 Bd6 17. g6 Bg8 18. Ne4 Nb6 19. Qb3 Qe7 20. Bb5+ 1-0

[Event "OP-2022-0-05282"]
[Site "LSS email"]
[Date "2022.04.21"]
[Round "?"]
[White "Huntley, Theron"]
[Black "Utrera, Leif"]
[Result "0-1"]
[WhiteElo "1880"]
[BlackElo "2347"]
[PlyCount "50"]
[EventDate "2022.04.20"]
[EventType "tourn (corr)"]
[EventRounds "4"]
[EventCountry "GER"]
[SourceTitle "Corr 2024"]
[Source "ChessBase"]
[SourceDate "2023.10.19"]
[SourceVersion "1"]
[SourceVersionDate "2023.10.19"]
[SourceQuality "1"]

1. d4 d5 2. c4 e6 3. Nf3 dxc4 4. Qa4+ Nd7 5. Qxc4 Ngf6 6. g3 a6 7. Bg2 c5 8. Qc2 b5 9. dxc5 Bxc5 10. Ne5 Rb8 11. Nxd7 Nxd7 12. 0-0 Bb7 13. Nc3 0-0 14. Rd1 Bxg2 15. Kxg2 Rc8 16. Qd3 Qb6 17. e3 f5 18. b3 Ne5 19. Qe2 Qc6+ 20. f3 Bb4 21. Nb1 g5 22. Nd2 Bxd2 23. Rxd2 g4 24. Kf2 gxf3 25. Qf1 Ng4+ 0-1

[Event "RB-2021-0-00407"]
[Site "LSS email"]
[Date "2021.10.09"]
[Round "?"]
[White "Grillo, Roberto"]
[Black "Huntley, Theron"]
[Result "1-0"]
[WhiteElo "1840"]
[BlackElo "1922"]
[PlyCount "67"]
[EventDate "2021.06.13"]
[EventType "tourn (corr)"]
[EventRounds "6"]
[EventCountry "GER"]
[SourceTitle "Corr 2024"]
[Source "ChessBase"]
[SourceDate "2023.10.19"]
[SourceVersion "1"]
[SourceVersionDate "2023.10.19"]
[SourceQuality "1"]

1. d4 Nf6 2. c4 e6 3. g3 c5 4. d5 exd5 5. cxd5 d6 6. Nc3 g6 7. Bg2 Bg7 8. Nf3 0-0 9. 0-0 Re8 10. Nd2 a6 11. a4 Nbd7 12. h3 Rb8 13. Nc4 Nb6 14. Na3 Bd7 15. e4 Qc7 16. Re1 Nc8 17. Qd3 b5 18. axb5 c4 19. Qxc4 Qxc4 20. Nxc4 axb5 21. Nd2 b4 22. Ne2 Bb5 23. Nd4 Nxd5 24. Nxb5 Rxb5 25. Nb3 Nc7 26. Re2 Rb8 27. Be3 Ra8 28. Rxa8 Nxa8 29. Rc2 Nab6 30. h4 Na4 31. e5 Ncb6 32. exd6 Rd8 33. Bc6 Rxd6 34. Bxa4 1-0

[Event "LSS No Engine Cup 202 Preliminary 0"]
[Site "LSS email"]
[Date "2020.04.04"]
[Round "?"]
[White "Huntley, Theron"]
[Black "Leisner, Jon"]
[Result "1/2-1/2"]
[WhiteElo "1604"]
[BlackElo "1659"]
[PlyCount "106"]
[EventDate "2020.04.04"]
[EventType "tourn (corr)"]
[EventRounds "6"]
[EventCountry "GER"]
[SourceTitle "Corr 2022"]
[Source "ChessBase"]
[SourceDate "2021.10.24"]
[SourceVersion "1"]
[SourceVersionDate "2021.10.24"]
[SourceQuality "1"]

1. d4 Nf6 2. c4 e6 3. Nf3 d5 4. g3 Bb4+ 5. Bd2 Bd6 6. Nc3 0-0 7. Bg5 c6 8. Bg2 h6 9. Bxf6 Qxf6 10. 0-0 Bc7 11. e3 Nd7 12. Qe2 Qe7 13. e4 dxc4 14. Qxc4 Rd8 15. Rac1 Nf6 16. e5 Nd5 17. Nxd5 exd5 18. Qc2 Bg4 19. Rfe1 Re8 20. a3 Qe6 21. Qb3 Rab8 22. Qa4 a6 23. Qc2 Bb6 24. Rcd1 Ba7 25. Qc3 Qf5 26. Qd3 Qd7 27. Qc2 Bf5 28. Qc3 Qd8 29. Nh4 Bh7 30. Nf3 Bb6 31. Bh3 Ba5 32. b4 Bb6 33. Qe3 Be4 34. Qe2 Qe7 35. Nd2 Bg6 36. Nf3 Bh5 37. Qe3 g5 38. Bg2 f5 39. Qd3 Qe6 40. Qe3 Rf8 41. Rf1 Rbe8 42. Rd3 f4 43. gxf4 Rxf4 44. Ne1 Ref8 45. h3 Bg6 46. Rd2 Be4 47. f3 Bg6 48. Kh2 Re8 49. Bh1 Qf5 50. Ng2 Bxd4 51. Rxd4 Rxd4 52. Qxd4 Qxe5+ 53. Qxe5 Rxe5 1/2-1/2

[Event "LSS No Engine Cup 201 Preliminary 0"]
[Site "LSS email"]
[Date "2020.03.17"]
[Round "?"]
[White "Ilyin, Igor"]
[Black "Huntley, Theron"]
[Result "0-1"]
[WhiteElo "1494"]
[BlackElo "1594"]
[PlyCount "70"]
[EventDate "2020.03.17"]
[EventType "tourn (corr)"]
[EventRounds "6"]
[EventCountry "GER"]
[SourceTitle "Corr 2022"]
[Source "ChessBase"]
[SourceDate "2021.10.24"]
[SourceVersion "1"]
[SourceVersionDate "2021.10.24"]
[SourceQuality "1"]

1. d4 Nf6 2. c4 e6 3. g3 c5 4. d5 exd5 5. cxd5 d6 6. Bg2 b5 7. Nf3 g6 8. 0-0 Bg7 9. Nfd2 Ba6 10. Nc3 0-0 11. Re1 Nbd7 12. Rb1 b4 13. Nce4 Qc7 14. Nf1 Bb7 15. Ne3 Nb6 16. Nxf6+ Bxf6 17. b3 Ba6 18. Bb2 Bg7 19. Bxg7 Kxg7 20. Rc1 Rae8 21. Nc4 Nxc4 22. bxc4 Bc8 23. e4 Rd8 24. Rc2 a5 25. Qa1+ f6 26. f4 Rde8 27. Rce2 Rf7 28. e5 fxe5 29. fxe5 dxe5 30. Rxe5 Rxe5 31. Rxe5 Rf6 32. Qe1 Rf7 33. Qe3 Ba6 34. Qd3 Qxe5 35. Kh1 Qa1+ 0-1

[Event "SC-2018-0-00347"]
[Site "LSS email"]
[Date "2018.03.22"]
[Round "?"]
[White "Ederer, Karel"]
[Black "Huntley, Theron"]
[Result "1/2-1/2"]
[WhiteElo "1930"]
[BlackElo "1859"]
[PlyCount "65"]
[EventDate "2018.01.25"]
[EventType "tourn (corr)"]
[EventRounds "6"]
[EventCountry "GER"]
[SourceTitle "Corr 2022"]
[Source "ChessBase"]
[SourceDate "2021.10.24"]
[SourceVersion "1"]
[SourceVersionDate "2021.10.24"]
[SourceQuality "1"]

1. e4 c5 2. Nf3 e6 3. d4 cxd4 4. Nxd4 a6 5. c4 Nf6 6. Nc3 Bb4 7. Bd3 Nc6 8. Be3 Bxc3+ 9. bxc3 Ne5 10. Nf3 Nxd3+ 11. Qxd3 d6 12. 0-0 0-0 13. Bg5 b5 14. Rad1 bxc4 15. Qxc4 e5 16. Nxe5 Qe8 17. Nf3 Qxe4 18. Qd4 Qxd4 19. Rxd4 Be6 20. Bxf6 gxf6 21. h3 Rfd8 22. Ra4 Rdc8 23. Rc1 a5 24. Ra3 Rcb8 25. Nd4 Rb2 26. Rc2 Rxc2 27. Nxc2 f5 28. g3 a4 29. Kg2 Kg7 30. Kf3 Kf6 31. Kf4 Ra5 32. f3 d5 33. Ne3 1/2-1/2

[Event "SC-2016-0-00296"]
[Site "LSS email"]
[Date "2016.07.19"]
[Round "?"]
[White "Herzog, Agnes"]
[Black "Huntley, Theron"]
[Result "1/2-1/2"]
[WhiteElo "1783"]
[BlackElo "1842"]
[PlyCount "53"]
[EventDate "2016.06.20"]
[EventType "tourn (corr)"]
[EventRounds "6"]
[EventCountry "GER"]
[SourceTitle "Corr 2022"]
[Source "ChessBase"]
[SourceDate "2021.10.24"]
[SourceVersion "1"]
[SourceVersionDate "2021.10.24"]
[SourceQuality "1"]

1. e4 c5 2. c3 Nf6 3. e5 Nd5 4. d4 cxd4 5. Nf3 e6 6. cxd4 d6 7. Bc4 Nc6 8. 0-0 Be7 9. Qe2 0-0 10. Qe4 Bd7 11. Bd3 f5 12. exf6 Nxf6 13. Qe2 Nb4 14. Bc4 d5 15. Bb3 Ne4 16. Nc3 Nd6 17. Ba4 Rc8 18. Bxd7 Qxd7 19. Ne5 Qe8 20. a3 Nc6 21. Nxc6 bxc6 22. Qxe6+ Qf7 23. Qxf7+ Rxf7 24. Be3 Nc4 25. b4 a5 26. bxa5 Ra8 27. a4 1/2-1/2

[Event "SC-2016-0-00296"]
[Site "LSS email"]
[Date "2016.07.19"]
[Round "?"]
[White "Huntley, Theron"]
[Black "Herzog, Matthias"]
[Result "1/2-1/2"]
[WhiteElo "1842"]
[BlackElo "1698"]
[PlyCount "74"]
[EventDate "2016.06.20"]
[EventType "tourn (corr)"]
[EventRounds "6"]
[EventCountry "GER"]
[SourceTitle "Corr 2022"]
[Source "ChessBase"]
[SourceDate "2021.10.24"]
[SourceVersion "1"]
[SourceVersionDate "2021.10.24"]
[SourceQuality "1"]

1. c4 e5 2. g3 f5 3. Bg2 Nf6 4. Nc3 Bb4 5. d3 0-0 6. Bd2 c6 7. Nf3 d6 8. 0-0 Qe8 9. Rb1 a5 10. a3 Bxc3 11. Bxc3 a4 12. Qc2 Nbd7 13. Bb4 Nc5 14. d4 exd4 15. Nxd4 Nce4 16. Be1 Qf7 17. Rc1 g6 18. f3 Nc5 19. Bb4 Nfd7 20. Rfe1 Re8 21. Qc3 Ne5 22. f4 Ng4 23. h3 Re3 24. Qc2 Nf6 25. Bxc5 dxc5 26. Nf3 Ne4 27. Rcd1 Qf6 28. Rd3 Rxd3 29. exd3 Nxg3 30. Re8+ Kf7 31. Re5 Qd6 32. Qf2 Nh5 33. Ng5+ Kg8 34. Re8+ Kg7 35. Qe1 Nxf4 36. Re7+ Kg8 37. Re8+ Kg7 1/2-1/2

[Event "SC-2016-0-00296"]
[Site "LSS email"]
[Date "2016.07.19"]
[Round "?"]
[White "Huntley, Theron"]
[Black "Linart, Ludvik"]
[Result "1-0"]
[WhiteElo "1842"]
[BlackElo "1691"]
[PlyCount "81"]
[EventDate "2016.06.20"]
[EventType "tourn (corr)"]
[EventRounds "6"]
[EventCountry "GER"]
[SourceTitle "Corr 2022"]
[Source "ChessBase"]
[SourceDate "2021.10.24"]
[SourceVersion "1"]
[SourceVersionDate "2021.10.24"]
[SourceQuality "1"]

1. d4 Nf6 2. c4 e6 3. Nf3 d5 4. g3 dxc4 5. Bg2 Be7 6. 0-0 0-0 7. Ne5 c5 8. dxc5 Qc7 9. Nxc4 Rd8 10. Qb3 Nc6 11. Be3 Nd4 12. Bxd4 Rxd4 13. Nbd2 Bxc5 14. Rac1 Rd8 15. Qf3 Be7 16. a3 Rb8 17. b4 Qd7 18. Qf4 Ra8 19. Rfd1 Qe8 20. Nb3 Nd5 21. Bxd5 Rxd5 22. Rxd5 exd5 23. Ne3 Be6 24. Rc7 b6 25. Nd4 a5 26. Nxe6 fxe6 27. Qe5 Bf6 28. Qd6 axb4 29. axb4 h5 30. h4 Kh8 31. Ng2 d4 32. Nf4 e5 33. Nd5 Qg6 34. Qc6 Rd8 35. Nxb6 Qb1+ 36. Kg2 Qxb4 37. Nd7 Qe7 38. Qd5 Kh7 39. Qe4+ Kh8 40. Nxf6 Qxf6 41. Rc5 1-0

[Event "LSS No Engine Cup 148 Preliminary 0"]
[Site "LSS email"]
[Date "2016.02.09"]
[Round "?"]
[White "Garcia, Javier"]
[Black "Huntley, Theron"]
[Result "0-1"]
[WhiteElo "1005"]
[BlackElo "1611"]
[PlyCount "40"]
[EventDate "2016.02.10"]
[EventType "tourn (corr)"]
[EventRounds "6"]
[EventCountry "GER"]
[SourceTitle "Corr 2022"]
[Source "ChessBase"]
[SourceDate "2021.10.24"]
[SourceVersion "1"]
[SourceVersionDate "2021.10.24"]
[SourceQuality "1"]

1. d4 Nf6 2. c4 e6 3. Nc3 Bb4 4. Bg5 h6 5. Bd2 d5 6. cxd5 exd5 7. e3 c6 8. Bd3 Bg4 9. f3 Be6 10. Nge2 0-0 11. 0-0 a5 12. Nf4 Bd6 13. Nxe6 fxe6 14. Qb3 Qc7 15. f4 Nbd7 16. a4 Bb4 17. Rac1 Nb6 18. Be1 Ng4 19. Nb5 Qe7 20. Bxb4 axb4 0-1

[Event "LSS No Engine Cup 148 Preliminary 0"]
[Site "LSS email"]
[Date "2016.02.09"]
[Round "?"]
[White "Huntley, Theron"]
[Black "Wilshusen, Horst"]
[Result "1/2-1/2"]
[WhiteElo "1611"]
[BlackElo "1702"]
[PlyCount "79"]
[EventDate "2016.02.10"]
[EventType "tourn (corr)"]
[EventRounds "6"]
[EventCountry "GER"]
[SourceTitle "Corr 2022"]
[Source "ChessBase"]
[SourceDate "2021.10.24"]
[SourceVersion "1"]
[SourceVersionDate "2021.10.24"]
[SourceQuality "1"]

1. e4 e5 2. Nf3 Nc6 3. Bb5 a6 4. Ba4 Nf6 5. 0-0 Be7 6. Re1 b5 7. Bb3 d6 8. c3 0-0 9. h3 Nb8 10. d4 Nbd7 11. Nbd2 Bb7 12. Bc2 Re8 13. Nf1 Bf8 14. Ng3 g6 15. a4 c5 16. d5 Nb6 17. Qe2 Nxa4 18. Bxa4 bxa4 19. Rxa4 Nd7 20. c4 Nb6 21. Ra3 a5 22. Nh2 Bc8 23. Ng4 Bxg4 24. hxg4 a4 25. b3 axb3 26. Rxb3 Qc7 27. Bg5 h6 28. Bd2 Reb8 29. Reb1 Nd7 30. f4 exf4 31. Bxf4 Bg7 32. g5 hxg5 33. Bxg5 Rxb3 34. Rxb3 Ra1+ 35. Kh2 Be5 36. Rf3 f6 37. Bf4 Nf8 38. Nf1 Bd4 39. Be3 Be5+ 40. Bf4 1/2-1/2

[Event "WC-2016-P-00014"]
[Site "LSS email"]
[Date "2016.01.22"]
[Round "?"]
[White "Huntley, Theron"]
[Black "Permykov, Andrey"]
[Result "0-1"]
[WhiteElo "1896"]
[BlackElo "2293"]
[PlyCount "62"]
[EventDate "2016.01.28"]
[EventType "tourn (corr)"]
[EventRounds "12"]
[EventCountry "GER"]
[SourceTitle "Corr 2022"]
[Source "ChessBase"]
[SourceDate "2021.10.24"]
[SourceVersion "1"]
[SourceVersionDate "2021.10.24"]
[SourceQuality "1"]

1. d4 Nf6 2. c4 e6 3. Nf3 d5 4. g3 dxc4 5. Bg2 a6 6. 0-0 Nc6 7. Qc2 Nxd4 8. Nxd4 Qxd4 9. Nd2 c3 10. bxc3 Qc5 11. Qb3 Be7 12. a4 Qh5 13. e3 0-0 14. Ba3 Bxa3 15. Qxa3 Rb8 16. Rab1 b6 17. Bf3 Ng4 18. h4 Bb7 19. Qb4 Bxf3 20. Nxf3 Nf6 21. Kg2 Qd5 22. Rfd1 Qb7 23. Qf4 Rbd8 24. Kh3 Ne4 25. Rxd8 Rxd8 26. Ng5 Nf6 27. c4 e5 28. Qf5 Qc6 29. Qxe5 h6 30. Nxf7 Kxf7 31. Qb2 Ne4 0-1

[Event "WC-2016-P-00014"]
[Site "LSS email"]
[Date "2016.01.22"]
[Round "?"]
[White "Permykov, Andrey"]
[Black "Huntley, Theron"]
[Result "1-0"]
[WhiteElo "2293"]
[BlackElo "1896"]
[PlyCount "51"]
[EventDate "2016.01.28"]
[EventType "tourn (corr)"]
[EventRounds "12"]
[EventCountry "GER"]
[SourceTitle "Corr 2022"]
[Source "ChessBase"]
[SourceDate "2021.10.24"]
[SourceVersion "1"]
[SourceVersionDate "2021.10.24"]
[SourceQuality "1"]

1. d4 Nf6 2. c4 e6 3. Nf3 b6 4. g3 Ba6 5. b3 Bb4+ 6. Bd2 Be7 7. Bg2 c6 8. Bc3 d5 9. Nbd2 Nbd7 10. e4 dxc4 11. bxc4 0-0 12. 0-0 Rc8 13. Qc2 c5 14. e5 Ne8 15. d5 exd5 16. cxd5 Bxf1 17. Bxf1 Bg5 18. Ne4 Bh6 19. d6 g6 20. Bh3 Bg7 21. e6 fxe6 22. Nfg5 Nef6 23. Nxe6 Qe8 24. Nxf6+ Bxf6 25. Nxf8 Kxf8 26. Bxf6 1-0

[Event "RB-2015-0-00293"]
[Site "LSS email"]
[Date "2015.09.26"]
[Round "?"]
[White "Ederer, Karel"]
[Black "Huntley, Theron"]
[Result "0-1"]
[WhiteElo "1922"]
[BlackElo "1805"]
[PlyCount "82"]
[EventDate "2015.08.29"]
[EventType "tourn (corr)"]
[EventRounds "6"]
[EventCountry "GER"]
[SourceTitle "Corr 2022"]
[Source "ChessBase"]
[SourceDate "2021.10.24"]
[SourceVersion "1"]
[SourceVersionDate "2021.10.24"]
[SourceQuality "1"]

1. e4 c5 2. Nf3 e6 3. d4 cxd4 4. Nxd4 a6 5. Bd3 Bc5 6. Nb3 Be7 7. 0-0 d6 8. c4 Nf6 9. Nc3 Nc6 10. Be3 0-0 11. f4 b6 12. Qf3 Rb8 13. Rad1 Qc7 14. Qh3 h6 15. a3 Bd7 16. Be2 Na5 17. Nd2 b5 18. cxb5 axb5 19. Rc1 Nc4 20. Nxb5 Bxb5 21. Bxc4 Bxc4 22. Rxc4 Qa5 23. Rc2 Rfc8 24. Rxc8+ Rxc8 25. Qf3 Rc2 26. Qd1 Qa4 27. b4 Qc6 28. Re1 Qc3 29. h3 Ra2 30. f5 e5 31. Qc1 Qd3 32. Qb1 Rxd2 33. Bxd2 Qxd2 34. Qc1 Qd3 35. Qe3 Qa6 36. Kh1 d5 37. exd5 e4 38. Qc3 Qd6 39. b5 Qf4 40. Qe3 Qe5 41. a4 Nh5 0-1

[Event "RB-2015-0-00293"]
[Site "LSS email"]
[Date "2015.09.26"]
[Round "?"]
[White "Herzog, Klaus"]
[Black "Huntley, Theron"]
[Result "1/2-1/2"]
[WhiteElo "1762"]
[BlackElo "1805"]
[PlyCount "51"]
[EventDate "2015.08.29"]
[EventType "tourn (corr)"]
[EventRounds "6"]
[EventCountry "GER"]
[SourceTitle "Corr 2022"]
[Source "ChessBase"]
[SourceDate "2021.10.24"]
[SourceVersion "1"]
[SourceVersionDate "2021.10.24"]
[SourceQuality "1"]

1. e4 c5 2. Nf3 e6 3. d4 cxd4 4. Nxd4 a6 5. Nc3 b5 6. Bd3 Qb6 7. Nf3 Qc7 8. 0-0 Bb7 9. Re1 Nc6 10. a3 Rc8 11. e5 Nge7 12. h4 Ng6 13. Qe2 h5 14. Bxg6 fxg6 15. Bg5 Be7 16. Qd3 0-0 17. Ne4 Bxg5 18. Nexg5 Ne7 19. a4 Bd5 20. c3 Qb6 21. axb5 axb5 22. Qe3 Qd8 23. Nd4 b4 24. cxb4 Rc4 25. b5 Nf5 26. Nxf5 1/2-1/2

[Event "SC-2015-0-00271"]
[Site "LSS email"]
[Date "2015.09.06"]
[Round "?"]
[White "Zimmermann, Matthias"]
[Black "Huntley, Theron"]
[Result "1/2-1/2"]
[WhiteElo "1884"]
[BlackElo "1805"]
[PlyCount "91"]
[EventDate "2015.08.03"]
[EventType "tourn (corr)"]
[EventRounds "6"]
[EventCountry "GER"]
[SourceTitle "Corr 2022"]
[Source "ChessBase"]
[SourceDate "2021.10.24"]
[SourceVersion "1"]
[SourceVersionDate "2021.10.24"]
[SourceQuality "1"]

1. Nf3 Nf6 2. g3 d5 3. Bg2 c6 4. d3 Bg4 5. Nbd2 Nbd7 6. 0-0 e5 7. e4 dxe4 8. dxe4 Bc5 9. h3 Bh5 10. Qe1 0-0 11. Nb3 Bxf3 12. Bxf3 Qe7 13. Nxc5 Nxc5 14. b3 Ne6 15. c3 b5 16. Be3 a5 17. Qe2 Rfc8 18. Rfd1 b4 19. Qb2 Qc7 20. Rac1 c5 21. Qd2 h6 22. Bg2 Qb8 23. Qd6 Qxd6 24. Rxd6 g5 25. f3 Kg7 26. Kf2 bxc3 27. a4 c4 28. Rxc3 cxb3 29. Rxb3 Rc4 30. Ra3 Rb8 31. Rd2 h5 32. g4 Nf4 33. Rda2 Rcb4 34. Bd2 Rb2 35. Bf1 Kg6 36. Rxb2 Rxb2 37. Ke3 Rb1 38. Bd3 Rh1 39. gxh5+ N6xh5 40. Bxa5 Rxh3 41. Bb6 Rh2 42. a5 Rb2 43. Ba6 Ng3 44. Ra1 Kh5 45. Bc7 f6 46. Bd8 1/2-1/2